00806nam a2200301Ia 4500008004100000020001500041050001000056050001400066100001900080245002800099245007000127245002500197260001000222260002000232260000900252300002300261300002000284300001000304500002000314650003800334650001800372650002700390650001900417650001900436650001900455700001100474999001900485170711s9999 xx 000 0 und d a1598694464 a658.4 bG547 2006 aGlaser, Judith 4aThe DNA of leadership : bleverage your instincts to communicate, differentiate, innovate / cby Judith E. Glaser. aUSA : bPlatinum Press, c2006 axxiii, 312 pages : billustrations ; c23cm. aIncludes index. aCommunication in organizations -- aLeadership -- aSuccess in business -- xUnited States. xUnited States. xUnited States. aTitle. c339596d339596